Social psychology / (Record no. 21238)
[ view plain ]
| 000 -LEADER | |
|---|---|
| fixed length control field | 01085cam a22003375a 4500 |
| 001 - CONTROL NUMBER | |
| control field | 016062613 |
| 003 - CONTROL NUMBER IDENTIFIER | |
| control field | OSt |
| 005 - DATE AND TIME OF LATEST TRANSACTION | |
| control field | 20170211142521.0 |
| 008 - FIXED-LENGTH DATA ELEMENTS--GENERAL INFORMATION | |
| fixed length control field | 120402t2013 njua frbd 001 0 eng d |
| 020 ## - INTERNATIONAL STANDARD BOOK NUMBER | |
| International Standard Book Number | 9780205918027 (pbk.) |
| 020 ## - INTERNATIONAL STANDARD BOOK NUMBER | |
| International Standard Book Number | 0205918026 (pbk.) |
| 040 ## - CATALOGING SOURCE | |
| Original cataloging agency | StDuBDS |
| Language of cataloging | eng |
| Transcribing agency | StDuBDS |
| Modifying agency | Uk |
| -- | EG-ScBUE |
| -- | EG-ScBUE |
| 082 04 - DEWEY DECIMAL CLASSIFICATION NUMBER | |
| Classification number | 302 |
| Item number | ARO |
| Edition number | 22 |
| 100 1# - MAIN ENTRY--PERSONAL NAME | |
| Personal name | Aronson, Elliot. |
| 9 (RLIN) | 39435 |
| 245 10 - TITLE STATEMENT | |
| Title | Social psychology / |
| Statement of responsibility, etc | Elliot Aronson, Timothy D. Wilson, Robin M. Akert. |
| 250 ## - EDITION STATEMENT | |
| Edition statement | 8th ed., International ed. |
| 260 ## - PUBLICATION, DISTRIBUTION, ETC. (IMPRINT) | |
| Place of publication, distribution, etc | Upper Saddle River : |
| Name of publisher, distributor, etc | Pearson Education, |
| Date of publication, distribution, etc | c.2013. |
| 300 ## - PHYSICAL DESCRIPTION | |
| Extent | xxix, 538 p. : |
| Other physical details | ill. ; |
| Dimensions | 28 cm. |
| 500 ## - GENERAL NOTE | |
| General note | Previous ed.: 2010. |
| 500 ## - GENERAL NOTE | |
| General note | Includes student access code inside for online course materials. |
| 500 ## - GENERAL NOTE | |
| General note | Glossary : p. 451-456. |
| 500 ## - GENERAL NOTE | |
| General note | Includes indexes. |
| 504 ## - BIBLIOGRAPHY, ETC. NOTE | |
| Bibliography, etc | Bibliography : p. 457-514. |
| 650 #7 - SUBJECT ADDED ENTRY--TOPICAL TERM | |
| Topical term or geographic name as entry element | Social psychology. |
| Source of heading or term | BUEsh |
| 9 (RLIN) | 9682 |
| 651 ## - SUBJECT ADDED ENTRY--GEOGRAPHIC NAME | |
| Source of heading or term | BUEsh |
| 653 ## - INDEX TERM--UNCONTROLLED | |
| Resource For college | Nursing |
| Arrived date list | February2016 |
| 653 ## - INDEX TERM--UNCONTROLLED | |
| Resource For college | Humanities: Psychology |
| Arrived date list | February2017 |
| 700 1# - ADDED ENTRY--PERSONAL NAME | |
| Personal name | Wilson, Timothy D. |
| 700 1# - ADDED ENTRY--PERSONAL NAME | |
| Personal name | Akert, Robin M. |
| 942 ## - ADDED ENTRY ELEMENTS (KOHA) | |
| Source of classification or shelving scheme | Dewey Decimal Classification |
| Withdrawn status | Item status | Source of classification or shelving scheme | Damaged status | Not for loan | Vendor | Home library | Current library | Shelving location | Date acquired | Source of acquisition | Cost, normal purchase price | Serial Enumeration / chronology | Total Checkouts | Total Renewals | Full call number | Barcode | Checked out | Date last seen | Date last borrowed | Cost, replacement price | Koha item type |
|---|---|---|---|---|---|---|---|---|---|---|---|---|---|---|---|---|---|---|---|---|---|
| Dewey Decimal Classification | Academic Bookshop | Central Library | Central Library | First floor | 24/02/2016 | Purchase | 275.00 | 4862 | 3 | 41 | 302 ARO | 000031725 | 16/03/2026 | 17/09/2025 | 17/09/2025 | 343.75 | Book - Borrowing | ||||
| Dewey Decimal Classification | Academic Bookshop | Central Library | Central Library | First floor | 24/02/2016 | Purchase | 275.00 | 4862 | 2 | 13 | 302 ARO | 000031726 | 15/07/2025 | 07/04/2025 | 343.75 | Book - Borrowing | |||||
| Dewey Decimal Classification | Academic Bookshop | Central Library | Central Library | First floor | 24/02/2016 | Purchase | 275.00 | 4862 | 5 | 31 | 302 ARO | 000031727 | 15/07/2025 | 01/04/2024 | 343.75 | Book - Borrowing | |||||
| Dewey Decimal Classification | Baccah | Central Library | Central Library | First floor | 11/02/2017 | Purchase | 425.00 | 27333 | 4 | 27 | 302 ARO | 000045414 | 15/07/2025 | 17/03/2025 | 531.25 | Book - Borrowing |